000 00787nam a2200241 i 4500
001 169801
003 ES-MaACL
005 20250717065515.0
008 081128s1965 fr |||| | fre d
017 _a4e trimestre 1965
080 _a330.862
100 1 _aGuérin, Daniel,
_d1904-1988
_9240796
245 1 2 _aL'anarchisme
_b: de la doctrine à l'action /
_cDaniel Guérin.
260 _a[Paris] :
_bGallimard,
_c1965.
300 _a190 p. ;
_c17 cm.
490 1 _aIdées ;
_v89.
_aSciences humaines
500 _aÍndice.
504 _aBibliografía.
650 7 _aAnarquismo
_2embne
_99783
830 0 _aIdées ;
_v89.
_aSciences humaines
_9219039
852 4 _aES-MaACL
_jE-12298
_9R.190486
_z- Biblioteca Jacinto Martínez Lacalle
999 _c169801
_d169801